000 00993nam a22002657a 4500
001 9765
003 FISKH
005 20260212124211.0
008 260212b cb ||||| |||| 00| 0 eng d
040 _aFISKH
_beng
_cFISKH
_dFISKH
082 _a629.4
100 _aSorensen , Monica
245 _aBeyond the earth :
_bThe sky's the limit /
_cby Monica Sorensen : Illustrated by Rich Stormwall : Edited by Ruth Berman
260 _aMinneapolis, Minnesota :
_bMinnesota Department of Education ,
_c1995 .
300 _a17 pages :
_billustrations ;
_c20 X 26 cm .
490 _aThe sky's the limit
_vIV
505 _aV
520 _aThe book focuses on how humans have pushed past Earth’s boundaries to explore outer space using rockets, satellites, space shuttles, and modern spacecraft.
521 8 _a850
_bLexile
521 8 _aV
_bRaz-Plus
700 _aStormwall , Rich
_eIllustrator
700 _aBerman , Ruth
_eEditor
942 _2ddc
_cBK
_n0
999 _c9765
_d9765